| 000 | 01466 a2200289 4500 | ||
|---|---|---|---|
| 001 | 25433 | ||
| 005 | 20260407155538.0 | ||
| 008 | 260407a2007 arg spa d | ||
| 003 | AR-UNSa-BCEJYS | ||
| 040 |
_aAR-UNSa-BCEJYS _bspa _cAR-UNSa-BCEJYS |
||
| 080 |
_a657.05 _xContabilidad de gestión (Contabilidad gerencial, control de gestión...) |
||
| 245 | 1 | 0 | _aContabilidad y gerenciar |
| 020 | _a978-950-9445-32-1 | ||
| 264 | 1 |
_aBuenos Aires : _bTemas Grupo Editorial _c2007 |
|
| 300 |
_a338 p. _c23 cm. |
||
| 505 | _a1. El gerenciamiento y la necesidad de información - 2. El procesamiento de la información y los modelos contables - 3. Los informes contables - 4. Los estados contables consolidados - 5. El diagnóstico económico financiero de una organización - 6. Los informes y el entorno de la organización - 7. Las decisiones gerenciales y su reflejo en los informes contables - 8. Las presupuestación de las decisiones a futuro - 9. Casos prácticos de nivel inicial - 10. Casos prácticos integrales. | ||
| 942 | _cBK | ||
| 590 | _aniveau_biblio:m niveau_hierar:0 | ||
| 100 | 1 | _aTelias, Alejandro J. | |
| 700 | 1 | _aSmurra, Ricardo F. | |
| 700 | 1 | _aAlvira, María V. | |
| 700 | 1 | _aPahlen Acuña, Ricardo Jose María | |
| 700 | 1 | _aLucero, Víctor A. | |
| 700 | 1 | _aFano, Diego G. | |
| 700 | 1 | _aSánchez, Verónica A. | |
| 856 | 4 | 1 |
_uhttps://biblioeco.unsa.edu.ar/pmb/images/libros/Contabilidad para gerenciar.jpg _yImagen de portada _qimage/jpeg |
| 999 |
_c1383 _d1383 |
||